000 00362nam a2200145Ia 4500
005 20250322113326.0
008 240331s9999 xx 000 0 und d
082 _bMAH
_a894
100 _aMahendran,K
245 0 _aMuranpadugalim aruvadai
260 _aTellippalai
_bSivan Kalavi Nilayam
_c1984
300 _aXii, 125 p .,
650 _aShort Stories
942 _cL
999 _c4581
_d4581